Statistics for Greek Mythology for Experts

Click here to take the quiz!

General Stats

  • This quiz has been taken 171 times
  • The average score is 24 of 38

Answer Stats

HintAnswer% Correct
The Home of the GodsMt. Olympus
98%
Greek god of the skyZeus
98%
Greek god of the deadHades
97%
Greek goddess of marriageHera
97%
Greek god of the seaPoseidon
96%
Greek god of warAres
95%
Greek goddess of the HuntArtemis
95%
Greek goddess of loveAphrodite
93%
Greek god of music, prophecy, archery, and the sunApollo
93%
Greek goddess of agricultureDemeter
93%
Greek god of the wineDionysus
93%
Greek god of fire, craft, and blacksmithHephaestus
88%
Greek god of thieves and travelHermes
88%
Greek goddess of the hearthHestia
87%
Greek god of loveEros
83%
Greek personification of the EarthGaia
79%
Greek goddess of the rainbowIris
77%
Greek goddess of strength, speed, and victoryNike
73%
Greek goddess of nightNyx
71%
Greek god of the wildPan
69%
Greek goddess of magicHecate
67%
Greek god of death (servant of Hades)Thanatos
67%
Greek god of sleepHypnos
64%
Greek goddess of revengeNemesis
62%
AKA PanicPhobos
55%
Greek goddess of youthHebe
47%
Greek god of medicineAsclepius
43%
Greek god of the North WindBoreas
33%
AKA fearDeimos
32%
Greek goddess of snowKhione
24%
Greek goddess of dayHemera
21%
Greek goddess of good luckTyche
20%
Greek god of the East WindEurus
15%
Greek god of the South WindNotus
15%
Greek goddess of violent sea stormsKymopoleia
8%
Greek goddess of misery and poisonAkhlys
7%
Greek god of the West WindZephyros
7%
Greek god of vegetationAttis
2%

Score Distribution

Percentile by Number Answered

Percent of People with Each Score

Your Score History

You have not taken this quiz